"A" Road End Points UK #7 - Statistics

General Stats
  • This quiz has been taken 15 times
  • The average score is 12 of 20
Answer Stats
Road Number Placename % Correct
A62 End Manchester
100%
A69 End Carlisle
91%
A62 Start Leeds
91%
A63 Start Leeds
91%
A64 Start Leeds
91%
A65 Start Leeds
91%
A69 Start Denton Burn
82%
A63 End Kingston upon Hull
73%
A64 End Scarborough
73%
A68 End Darlington
64%
A61 Start Derby
64%
A68 Start Edinburgh
64%
A70 End Edinburgh
64%
A66 End Workington
45%
A65 End Kendal
36%
A67 Start Bowes
27%
A66 Start Grangetown
27%
A70 Start Ayr
18%
A67 End Crathorne
18%
A61 End Thirsk
18%
No matching quizzes found
Score Distribution
Percent of People with Each Score
Percentile by Number Answered
Your Score History
You have not taken this quiz